| 000 | 00589nam a22002057a 4500 | ||
|---|---|---|---|
| 005 | 20250926144831.0 | ||
| 010 | _aENG-146874 | ||
| 020 |
_a9789369584437 _c375.00 |
||
| 035 | _aEN-130406 | ||
| 037 | _bDBAD | ||
| 082 |
_22 _a000 |
||
| 100 |
_aSolanki, Prashant _985238 |
||
| 245 |
_aSSC English CGL Warrior/ _cPrashant Solanki |
||
| 250 | _a2 | ||
| 260 |
_aUttar Pradesh _bS. Chand Publishing _c2025 |
||
| 270 |
_aD-92, Sector-2, Noida _bUttar Pradesh _e201301 _k61-120-4682700 |
||
| 300 |
_a436p. _c27cm(pb) |
||
| 500 | _a 2025-26 | ||
| 942 |
_2ddc _cEN _mSOL _h000 |
||
| 999 |
_c213481 _d213481 |
||